Champions de la Ligue 1 - mort subite - Statistiques

Statistiques générales
  • Ce quiz a été pris 2 411 fois
  • Le résultat moyen est 10 sur 18
Answers on the Grid
Answers color-coded by a green-red scale on the quiz's grid according to % correct below.
FC Nantes
Olympique Lyonnais
Stade brestois 29
Paris Saint Germain
RC Strasbourg
FC Sochaux-Montbéliard
Le Mans FC
Stades Rennais
FC Metz
Stade de Reims
Olympique Lillois
FC Lorient
Olympique de Marseille
Le Havre AC
FC Sète
ESTAC Troyes
Girondins de Bordeaux
Toulouse FC
AJ Auxerre
AS Saint-Étienne
Red Star FC
As Nancy-Lorraine
Racing de Paris
AS Monaco
Dijon FCO
RC Lens
Lille OSC
Stade Malherbe Caen
CO Roubaix-Tourcoing
Montpellier HSC
 
Statistiques - réponses
Réponse % Correct
Olympique Lyonnais
94%
Paris Saint Germain
93%
FC Nantes
84%
Olympique de Marseille
74%
Girondins de Bordeaux
66%
AS Monaco
65%
AS Saint-Étienne
64%
Lille OSC
64%
Montpellier HSC
59%
Olympique Lillois
51%
Stade de Reims
51%
AJ Auxerre
46%
RC Lens
44%
FC Sochaux-Montbéliard
41%
RC Strasbourg
37%
FC Sète
30%
Racing de Paris
26%
CO Roubaix-Tourcoing
23%
Aucun quiz correspondant
Distribution des résultats
% des personnes avec chaque résultat
Percentile par nombre de réponses
Votre historique - résultats
Vous n’avez pas pris ce quiz